|
|
|
|
| LEADER |
02369nam a2200397 a 4500 |
| 001 |
13727049 |
| 003 |
BD-DhAAL |
| 005 |
20250708141911.0 |
| 008 |
091112s2004 ii a b 001 0 eng d |
| 010 |
|
|
|a 2004021890
|
| 020 |
|
|
|a 0761932771 (pbk.)
|
| 020 |
|
|
|a 9780761932772
|
| 020 |
|
|
|a 8178294192
|
| 020 |
|
|
|a 9788178294193
|
| 040 |
|
|
|a DLC
|c DLC
|d YDX
|d BAKER
|d DLC
|d BD-DhAAL
|
| 082 |
0 |
0 |
|a 333.72
|2 22
|
| 245 |
0 |
0 |
|a Understanding environment /
|c editors, Kiran B. Chhokar, Mamata Pandya, Meena Raghunathan.
|
| 260 |
|
|
|a New Delhi ;
|a Thousand Oaks, Calif. :
|b Sage Publications,
|c 2004.
|
| 300 |
|
|
|a 331 pages :
|b illustrations ;
|c 24 cm.
|
| 504 |
|
|
|a Includes bibliographical references and index.
|
| 526 |
|
|
|x BBS Requisitioned by Faculties of BBS
Course name and no : N/A
|
| 541 |
1 |
|
|a Karim International
|e 00019572
|
| 650 |
|
0 |
|a Environmental sciences
|x Study and teaching (Higher)
|z India.
|9 58698
|
| 650 |
|
0 |
|a Environmental education
|x Study and teaching (Higher)
|z India.
|9 58699
|
| 650 |
|
0 |
|a Sustainable development
|x Study and teaching (Higher)
|z India.
|9 58700
|
| 700 |
1 |
|
|a Chhokar, Kiran Banga.
|9 58701
|
| 700 |
1 |
|
|a Pandya, Mamata.
|9 58702
|
| 700 |
0 |
|
|a Meena Raghunathan.
|9 58703
|
| 852 |
4 |
|
|a Ayesha Abed Library
|j General Shelf.
|
| 942 |
0 |
0 |
|0 1
|2 ddc
|c BK
|
| 999 |
|
|
|c 5498
|d 5498
|
| 952 |
|
|
|0 0
|1 0
|2 ddc
|4 0
|6 333_720000000000000_UND_2004
|7 0
|9 5371
|a BRACUL
|b BRACUL
|c GEN
|d 2009-11-10
|e Karim International
|g 351.00
|l 10
|m 18
|o 333.72 UND
|p 3010019572
|r 2025-09-09
|s 2025-06-16
|t 1
|w 2009-11-15
|y BK
|x Requisitioned by Faculties of BBS. Course name and no. "not available".
|
| 952 |
|
|
|0 0
|1 0
|2 ddc
|4 0
|6 333_720000000000000_UND
|7 0
|9 6205
|a BRACUL
|b BRACUL
|c GEN
|d 2009-12-19
|e karim International
|g 414.00
|l 6
|m 39
|o 333.72 UND
|p 3010013315
|r 2018-12-13
|s 2018-09-16
|t 2
|w 2009-12-19
|y BK
|
| 952 |
|
|
|0 0
|1 0
|2 ddc
|4 0
|6 333_720000000000000_UND_2004
|7 0
|9 14178
|a BRACUL
|b BRACUL
|c GEN
|d 2011-01-24
|e TRIM EDUCATION
|g 665.00
|l 10
|m 29
|o 333.72 UND
|p 3010021809
|r 2026-05-20
|s 2026-05-10
|t 3
|w 2011-01-24
|y BK
|
| 952 |
|
|
|0 0
|1 0
|2 ddc
|4 0
|6 333_720000000000000_UND_2004
|7 0
|9 14179
|a BRACUL
|b BRACUL
|c GEN
|d 2011-01-24
|e TRIM EDUCATION
|g 665.00
|l 6
|m 20
|o 333.72 UND
|p 3010021810
|r 2013-02-25
|s 2013-02-23
|t 4
|w 2011-01-24
|y BK
|
| 952 |
|
|
|0 0
|1 0
|2 ddc
|4 0
|6 333_720000000000000_UND_2004
|7 0
|9 14180
|a BRACUL
|b BRACUL
|c GEN
|d 2011-01-24
|e TRIM EDUCATION
|g 665.00
|l 7
|m 23
|o 333.72 UND
|p 3010021811
|r 2026-05-10
|s 2026-05-06
|t 5
|w 2011-01-24
|y BK
|